000
00244nam a2200097Ia 4500
001
719753
005
20250826163049.0
008
250824s9999 xx 000 0 und d
245
0
_a
AH ŞU UZAYLILAR
_c
CANAN TAN
260
_b
ALTIN KİTAPLAR YAYINLARI
999
_c
719753
_d
719753